Normal view
MARC view
- CAPITAL MARKET CONGRESS, NEURAL NETWORKS (COMPUTER SCIENCE) CONGRESSES
Entry Topical Term
001 - CONTROL NUMBER
- control field: 64114
003 - CONTROL NUMBER IDENTIFIER
- control field: NUST
005 - DATE AND TIME OF LATEST TRANSACTION
- control field: 20210628203227.0
008 - FIXED-LENGTH DATA ELEMENTS
- fixed length control field: 210628|| aca||aabn | a|a d
040 ## - CATALOGING SOURCE
- Original cataloging agency: NUST
- Transcribing agency: NUST
150 ## - HEADING--TOPICAL TERM
- Topical term or geographic name entry element: CAPITAL MARKET CONGRESS, NEURAL NETWORKS (COMPUTER SCIENCE) CONGRESSES
670 ## - SOURCE DATA FOUND
- Source citation: Work cat.: (NUST): Weigend, Andreas S:Yaser Abu-Mostafa:Refenes, A.Paul N 64113, Decision technologies for financial engineering;proceedings of the fourth international conference on neural networks in the capital makets (nncm'96), 1997
